Cellular and molecular immunology
The meticulously revised and updated New Edition of this highly acclaimed text continues to provide a concise and straightforward approach to the subject. It focuses on the experimental observations that underlie the science of immunology at the molecular, cellular, and whole organism level-and expl...
Đã lưu trong:
| 主要作者: | |
|---|---|
| 格式: | 图书 |
| 语言: | Undetermined |
| 出版: |
Philadelphia, P.A.
Saunders
2005
|
| 主题: | |
| 标签: |
添加标签
没有标签, 成为第一个标记此记录!
|
| Thư viện lưu trữ: | Trung tâm Học liệu Trường Đại học Cần Thơ |
|---|
| LEADER | 00970nam a2200205Ia 4500 | ||
|---|---|---|---|
| 001 | CTU_115802 | ||
| 008 | 210402s9999 xx 000 0 und d | ||
| 020 | |c 69.95 | ||
| 082 | |a 616.079 | ||
| 082 | |b A122 | ||
| 100 | |a Abbas, Abul K. | ||
| 245 | 0 | |a Cellular and molecular immunology | |
| 245 | 0 | |c Abul K. Abbas, Andrew H. Lichtman ; Illustrations by David L. Baker, Alexandra Baker | |
| 260 | |a Philadelphia, P.A. | ||
| 260 | |b Saunders | ||
| 260 | |c 2005 | ||
| 520 | |a The meticulously revised and updated New Edition of this highly acclaimed text continues to provide a concise and straightforward approach to the subject. It focuses on the experimental observations that underlie the science of immunology at the molecular, cellular, and whole organism level-and explores the conclusions that can be drawn from those observations. | ||
| 650 | |a Cellular immunity,Molecular immunology | ||
| 904 | |i Mai | ||
| 980 | |a Trung tâm Học liệu Trường Đại học Cần Thơ | ||